000 01234nam2a22002531 4500
001 rc\570286
005 20250621231202.0
010 _a985-401-019-8
_910000
035 _a(NLR Aleph) 005970573
090 _a6931428
_c6931428
100 _a20031121d1994 |||y0rusy50 ca
101 0 _arus
102 _aRU
105 _aa |||||||||
200 1 _aЭдинбургская темница
_e[Роман
_fПер. с англ. З.Е. Александровой и С.П. Мирлиной
_gКоммент. Б.И. Колесникова]
210 _d1994
_aБ. м.
215 _a526 с.
_cил.
461 0 _1001rc\570280
_12001#$aСобрание сочинений$eВ 20 т.$e[Пер. с англ.]$fВальтер Скотт$g[Вступ. ст. Б. Реизова: с. 5-44$gКоммент. А. Левинтона]$vТ. 6
_1700#1$aСкотт$bВ.$gВальтер$f1771-1832$3RU\NLR\AUTH\772398
_96931374
_aСкотт, В. (1771-1832)
_cМ.
_d1997-
_fВальтер Скотт
_nИзд. центр "Терра"
_oВ 20 т. : [Пер. с англ.]
_tСобрание сочинений
_y5300012807
_vТ. 6
801 0 _aRU
_bNLR
_gpsbo
801 1 _aRU
_bELAR
_2rusmarc
852 _aNLR
_j95-3/6790
942 _cBOOK
980 _aNB